| 000 | 01312nam a2200277Ia 4500 | ||
|---|---|---|---|
| 003 | PE SENCICO BE | ||
| 005 | 20251020182435.0 | ||
| 008 | 200515s9999 xx 000 0 und d | ||
| 020 | _a84-8088-349-9 | ||
| 040 |
_aPE SENCICO BE _cPE SENCICO BE |
||
| 041 | _aspa | ||
| 082 |
_a375.001 _bG3 |
||
| 110 | 1 |
_aInstitute of Personeel and Development _93038 |
|
| 245 | 1 | 0 |
_aDiseño de programas formativos / _cInstitute of Personnel and Development |
| 250 | _a1a ed. | ||
| 260 |
_aBarcelona : _bEPISE ; _bTraining Club ; _bGestión 2000 : _c2000 |
||
| 300 |
_a144 páginas : _btablas, gráficos ; _c23 cm. |
||
| 490 | _aColección formación y desarrollo | ||
| 505 | 0 | _aDiseño de programas formativos contextualizados -- Diseño formativo y desempeño -- Dinámica del diseño formativo -- Soluciones de las pruebas de autoevaluación | |
| 520 | 3 | _aEs una obra eminentemente práctica. En ella se desarrolla paso a paso todo el proceso de diseño, con numerosos ejemplos y actividades de apoyo, desde la fase de negociación de un informe preliminar con el cliente hasta la evaluación de la formación impartida. | |
| 650 | 1 | 0 |
_aFormación profesional _91311 |
| 650 | 2 | 0 |
_aEnseñanza _92363 |
| 650 | 2 | 0 |
_aEstrategias de aprendizaje _92409 |
| 650 | 2 | 0 |
_aEvaluaciones educativas _92704 |
| 942 |
_cLIB _2ddc |
||
| 999 |
_c360 _d360 |
||